000 00945cam5a220021700 4500
001 tmp15768446
003 UPRA
005 20190822085241.0
008 951024s1956 za l eng u
035 _a(Sirsi) r92708
035 _a(UPRA)tmp15768446
040 _cUPRA
111 2 _aKitwe City Council.
_6A8817.1
245 1 0 _aOfficial guide and information brochure of Kitwe :
_b(the pulse of the fabulous Copperbelt) 1936-1956 /
_c[by] the Municipal Council of Kitwe and the Kitwe and District Chamber of Commerce and Industry.
260 _aKitwe :
_bKitwe Publicity Joint Committee,
_c[1956]
650 0 _aCities and towns -- Zambia.
_zCities and towns -- Zambia.
_6S1625.1
651 0 _aKitwe -- Guidebooks.
_xKitwe -- Guidebooks.
_6S40495.1
710 1 _aKitwe. District Chamber of Commerce and Industry.
_bKitwe. District Chamber of Commerce and Industry.
_6A51583.1
949 _a(O2)1956/21
_wlcc
_mMAIN
_tBOOK
_lON-SHELF
004 92708
999 _c123955
_d123955